| 000 | 00764nam a22002297a 4500 | ||
|---|---|---|---|
| 999 |
_c1458 _d1458 |
||
| 003 | AR-CdUCM | ||
| 008 | 190227b ||||| |||| 00| 0 spa d | ||
| 020 | _a8472323374 | ||
| 040 |
_aMUNICIPALIDAD PROVINCIAL DEL CUSCO _cBIBLIOTECA MUNICIPAL DEL CUSCO |
||
| 082 |
_a869.634 / _bG26 |
||
| 100 |
_aGarzon, Juan _95516 |
||
| 245 |
_aFiguras y Descripciones : _bde la oscura belleza de las cosas / _cGarzon, Juan |
||
| 260 |
_aMadrid : _bCultura Hispanica, _c1984. |
||
| 300 |
_a155 paginas ; _c25cm. |
||
| 505 | _aFiguras y descripciones -- de la oscura Belleza de las cosas -- | ||
| 650 |
_aPoesia _95517 |
||
| 650 |
_aEspaƱa _9176 |
||
| 650 |
_aLiteratura Poetica _92541 |
||
| 700 |
_aShimose, Pedro _95518 |
||
| 942 |
_2ddc _cLIBROS |
||
| 945 |
_apjha _d2019-02-27 |
||